000 00403nam a2200145Ia 4500
008 230917s9999||||xx |||||||||||||| ||und||
040 _e45437
_aMAIN
041 _aEnglish
082 _a338.1095484 R246P
100 _aReddy, G Ram
245 0 _aPublic policy and the rural poor in India: a study of SFDA in Andhra Pradesh
260 _aNew Delhi
_bConcept
_c1983
300 _axv, 319 p.
942 _cBK
999 _c52808
_d52808